<?xml version="1.0" encoding="UTF-8"?>
<record
    xmlns:xsi="http://www.w3.org/2001/XMLSchema-instance"
    xsi:schemaLocation="http://www.loc.gov/MARC21/slim http://www.loc.gov/standards/marcxml/schema/MARC21slim.xsd"
    xmlns="http://www.loc.gov/MARC21/slim">

  <leader>01917agaaa2200301   4500</leader>
  <controlfield tag="001">4102</controlfield>
  <controlfield tag="003">IT-RoPAU</controlfield>
  <controlfield tag="005">20220918181223.0</controlfield>
  <controlfield tag="007">d cvaizq</controlfield>
  <controlfield tag="008">50131s9999||||xx ||| |     ||   ||und||</controlfield>
  <datafield tag="040" ind1=" " ind2=" ">
    <subfield code="a">IT-RoPAU</subfield>
    <subfield code="c">IT-RoPAU</subfield>
  </datafield>
  <datafield tag="041" ind1=" " ind2=" ">
    <subfield code="a">ITALIANO</subfield>
  </datafield>
  <datafield tag="100" ind1=" " ind2=" ">
    <subfield code="a">Mikhalkov Nikita</subfield>
    <subfield code="g">Codice regista SPICS: 3763</subfield>
    <subfield code="9">36973</subfield>
  </datafield>
  <datafield tag="130" ind1=" " ind2=" ">
    <subfield code="a">OBLOMOV</subfield>
    <subfield code="9">36974</subfield>
  </datafield>
  <datafield tag="245" ind1=" " ind2=" ">
    <subfield code="a">OBLOMOV</subfield>
    <subfield code="c">Prodotto da: Mosfilm -- Sceneggiatura: Adabasjan Aleksandr Mikhalkov Nikita -- Diretto da: Mikhalkov Nikita</subfield>
    <subfield code="p">OBLOMOV (Rif. Codice opera principale : 74102)</subfield>
  </datafield>
  <datafield tag="250" ind1=" " ind2=" ">
    <subfield code="a">Edizione Standard</subfield>
  </datafield>
  <datafield tag="260" ind1=" " ind2=" ">
    <subfield code="a">(URSS)</subfield>
    <subfield code="b">MOSFILM / Distribuzione: DELTAVIDEO</subfield>
    <subfield code="g">"1979 (1&#xB0; ed.: 1988 ; Ed. Lingua Orig.: 1979)"</subfield>
  </datafield>
  <datafield tag="300" ind1=" " ind2=" ">
    <subfield code="a">VHS</subfield>
    <subfield code="b">sonoro, col.</subfield>
    <subfield code="c">150 minuti</subfield>
  </datafield>
  <datafield tag="508" ind1=" " ind2=" ">
    <subfield code="a">"Fotografia: Lebesov Pavel; Musica: Artemjev Eduard; Sceneggiatura: Adabasjan Aleksandr Mikhalkov Nikita; Scenografia: Adabasjan A. Samulek; "</subfield>
  </datafield>
  <datafield tag="511" ind1=" " ind2=" ">
    <subfield code="a">"Tabakov Oleg; Solovei Elena; Popov Andrej; Leontjev Avangard; Kozlov Olog; Sostko G."</subfield>
  </datafield>
  <datafield tag="520" ind1=" " ind2=" ">
    <subfield code="a">SOGGETTO-DAL-ROMANZO-OMONIMO-DI-U.A.-GONCAROV ALTRI-INTERPRETI: GLEB-STRIZENOV EVGENIJ-STEBLOV ANDREJ-RAZUMOVSKIJ OLEG-KOZDOV ELENA-KLESEVSKAJA GALINA-SOSTKO EVGENIJA-GLUSENKO NIKOLAJ-PASTUKHOV ANATOLIJ-ROMASINOBLOMOV UN PROPRIETARIO TERRIERO CHE VIVE A PIETROBURGO PASSA LE GIORNATE NEL PIU' ASSOLUTO OZIO NON TANTO PER PIGRIZIA QUANTO PER RIFIUTO DELLA SOCIETA' L'INCONTRO CON UNA DONNA OLGA SEMBRA TRARLO FUORI DALLA SUA ABULIA MA E' PER POCO OBLOMOV TEME I CAMBIAMENTI ED OLGA RINUNCIANDO A FARNE UN UOMO DIVERSO LO ABBANDONA OBLOMOV TROVERA' LA SERENITA' NEL MATRIMONIO CON UNA DONNA QUIETA E MODESTA</subfield>
  </datafield>
  <datafield tag="538" ind1=" " ind2=" ">
    <subfield code="a">PAL, STEREO</subfield>
  </datafield>
  <datafield tag="546" ind1=" " ind2=" ">
    <subfield code="a">ITALIANO</subfield>
  </datafield>
  <datafield tag="650" ind1=" " ind2=" ">
    <subfield code="a">COMMEDIA</subfield>
    <subfield code="e">FILMS [VHS]</subfield>
    <subfield code="x">Codice MATERIA SPICS: 9960</subfield>
    <subfield code="9">36975</subfield>
  </datafield>
  <datafield tag="700" ind1=" " ind2=" ">
    <subfield code="a">Artemjev Eduard</subfield>
    <subfield code="e">(musica)</subfield>
    <subfield code="g">Codice Musica SPICS: 22987</subfield>
    <subfield code="9">36976</subfield>
  </datafield>
  <datafield tag="700" ind1=" " ind2=" ">
    <subfield code="a">Mikhalkov Nikita </subfield>
    <subfield code="e">(regista)</subfield>
    <subfield code="g">Codice regista SPICS: 3763</subfield>
    <subfield code="9">36977</subfield>
  </datafield>
  <datafield tag="942" ind1=" " ind2=" ">
    <subfield code="c">VH</subfield>
    <subfield code="2">ddc</subfield>
  </datafield>
  <datafield tag="999" ind1=" " ind2=" ">
    <subfield code="c">104661</subfield>
    <subfield code="d">104661</subfield>
  </datafield>
  <datafield tag="952" ind1=" " ind2=" ">
    <subfield code="0">0</subfield>
    <subfield code="1">0</subfield>
    <subfield code="4">0</subfield>
    <subfield code="6">74102_000000000000000</subfield>
    <subfield code="7">1</subfield>
    <subfield code="a">SPICS</subfield>
    <subfield code="b">SPICS</subfield>
    <subfield code="d">2015-01-31</subfield>
    <subfield code="l">0</subfield>
    <subfield code="o">74102</subfield>
    <subfield code="r">2015-01-31 00:00:00</subfield>
    <subfield code="w">2015-01-31</subfield>
    <subfield code="y">VH</subfield>
    <subfield code="z">Progr. Ins.: 2456 / N.Vol.:1 / Copie: 2 / Pag.:0 / Copia rara: n.d. / date import: 1.2.2015 / By Epidotti, Trombetti, Vaglietti</subfield>
  </datafield>
</record>
